Normal view
MARC view
Entry Geographic Name
001 - CONTROL NUMBER
- control field: 596141
003 - CONTROL NUMBER IDENTIFIER
- control field:
005 - DATE AND TIME OF LATEST TRANSACTION
- control field: 20210603111647.0
008 - FIXED-LENGTH DATA ELEMENTS
- fixed length control field: 210603|| aca||aabn | a|a d
040 ## - CATALOGING SOURCE
- Original cataloging agency:
- Transcribing agency:
151 ## - HEADING--GEOGRAPHIC NAME
- Geographic name: Norway
670 ## - SOURCE DATA FOUND
- Source citation: Work cat.: (): Norwegian scholarly books 1825-1967 :, 1968
